Storm water management for transportation (Record no. 529572)
[ view plain ]
| 000 -LEADER | |
|---|---|
| fixed length control field | 00304nam a22001337a 4500 |
| 003 - CONTROL NUMBER IDENTIFIER | |
| control field | NUST |
| 038 ## - RECORD CONTENT LICENSOR | |
| Staff Name | MSOHAIL |
| 082 ## - DEWEY DECIMAL CLASSIFICATION NUMBER | |
| Classification number | 0 |
| 100 ## - MAIN ENTRY--PERSONAL NAME | |
| Personal name | Shaw L. Yu |
| 9 (RLIN) | 21878 |
| 245 ## - TITLE STATEMENT | |
| Title | Storm water management for transportation |
| 260 ## - PUBLICATION, DISTRIBUTION, ETC. | |
| Place of publication, distribution, etc. | Washington |
| Name of publisher, distributor, etc. | TRB |
| Date of publication, distribution, etc. | 1991 |
| 300 ## - PHYSICAL DESCRIPTION | |
| Extent | 81,p; |
| Dimensions | 28cm |
| Accompanying material | p/b |
| 942 ## - ADDED ENTRY ELEMENTS (KOHA) | |
| Source of classification or shelving scheme | |
| Koha item type | Book |
| Withdrawn status | Lost status | Source of classification or shelving scheme | Damaged status | Not for loan | Permanent Location | Current Location | Date acquired | Total Checkouts | Barcode | Date last seen | Price effective from | Koha item type |
|---|---|---|---|---|---|---|---|---|---|---|---|---|
| School of Civil and Environmental Engineering (SCEE) | School of Civil and Environmental Engineering (SCEE) | 09/27/2019 | NIT-10987 | 09/27/2019 | 09/27/2019 | Book |
